| 000 | 00514nam a22001817a 4500 | ||
|---|---|---|---|
| 999 |
_c20414 _d20414 |
||
| 005 | 20190227123955.0 | ||
| 008 | 190227b xxu||||| |||| 00| 0 spa d | ||
| 040 |
_aCO-BoIAVH _cCO-BoIAVH |
||
| 041 | _aspa | ||
| 044 | _ack | ||
| 090 |
_aFG _b0314 |
||
| 110 | _aCORNARE | ||
| 245 |
_aAVES ACUÁTICAS ASOCIADAS A LOS HUMEDALES DEL RIÓ NEGRO _bValle de San Nicolas-Antioquia |
||
| 260 |
_aCOLOMBIA: _bCORNARE, _c2017. |
||
| 300 |
_aFOLLETO _c9.5-12cm |
||
| 710 | _aGUARDIANES | ||
| 942 |
_2z _cFolleto |
||